Holiday Quiz

Random Holiday or Clickable Quiz
Score 0/14 Timer 02:00
3 Plays Today
% Correct
Snowman
95.2%
Skiing
94%
St Patrick's Day
92.7%
Valentine's Day
92.4%
New Year's Day
91.3%
Christmas
90.9%
Flu, cold and other winter diseases
90.7%
% Correct
Ice skating
90.4%
Snowboarding
90.2%
Kwanzaa
86.5%
Cool Clothes and Bad Weather
84.1%
Epiphany
84%
Very long nights
83.8%
Hanukkah
67.3%
Remove Ads.
Support Sporcle.
Get the best of Sporcle when you Go Orange. This ad-free experience offers more features, more stats, and more fun while also helping to support Sporcle. Thank you for becoming a member.

You're not logged in!

Compare scores with friends on all Sporcle quizzes.
OR
Log In

Sporcle TV

Today on Sporcle TV


Watch our educational content, quiz creation guides, and fun videos on Sporcle TV.

Show Comments

Extras

Top Quizzes Today


Score Distribution

Paid Content

Your Account Isn't Verified!

In order to create a playlist on Sporcle, you need to verify the email address you used during registration. Go to your Sporcle Settings to finish the process.

Report this User

Report this user for behavior that violates our Community Guidelines.

Details: